Statystyki dla Powiat chrzanowski - Quiz

Kliknij tutaj aby rozwiązać quiz!

Ogólne statystyki

  • Ten quiz został rozwiązany 15 razy
  • Średni wynik to 9 z 11

Statystyki odpowiedzi

WskazówkaOdpowiedź% Poprawnych
Gminy miejsko-wiejskieChrzanów
100%
SiedzibaChrzanów
100%
KCH
100%
Gminy wiejskieLibiąż
93%
Tablice rejestracyjneTrzebinia
86%
MiastaAlwernia
79%
Rzeka wyznaczająca południową granicę powiatuWisła
79%
Babice
64%
Regionalna potrawa z ziemniaków, jarzyn i mięsaZiemniaki po cabańsku
64%
Ruiny zamku wybudowanego w systemie Orlich GniazdZamek Lipowiec
50%
Lud, który przybył na te tereny wraz z najazdem Tatarów w XIII w.Cabani
36%

Rozkład punktacji

Percentyl według liczby udzielonych odpowiedzi

Procent ludzi z każdym wynikiem

Twoja historia wyników

Nie rozwiązałeś tego quizu